书目信息 |
| 题名: |
社区护理
|
|
| 作者: | 陈锦治 主编 | |
| 分册: | ||
| 出版信息: | 北京 人民卫生出版社 2008 |
|
| 页数: | 202页 | |
| 开本: | 26cm | |
| 丛书名: | ||
| 单 册: | ||
| 中图分类: | R473.2 | |
| 科图分类: | ||
| 主题词: | 社区--护理--中等专业教育--教材 , 社区 , 护理 | |
| 电子资源: | ||
| ISBN: | 978-7-117-09548-8 | |
| 000 | 00872nam0 2200277 450 | |
| 001 | 012015000318 | |
| 005 | 20150914160923.09 | |
| 010 | @a978-7-117-09548-8@dCNY18.00 | |
| 100 | @a20080109d2008 em y0chiy50 ea | |
| 101 | 0 | @achi |
| 102 | @aCN@b110000 | |
| 105 | @ay z 000yy | |
| 106 | @ar | |
| 200 | 1 | @a社区护理@Ashe qu hu li@f陈锦治主编 |
| 205 | @a2版 | |
| 210 | @a北京@c人民卫生出版社@d2008 | |
| 215 | @a202页@d26cm | |
| 300 | @a全国中等卫生职业教育卫生部“十一五”规划教材 供护理、助产专业用 | |
| 330 | @a本书系统叙述社区护理基本理论与应用方法,体现社区的概念和特点,阐述社区重点人群保健及家庭护理,介绍社区护理工作常用技能操作。 | |
| 606 | 0 | @a社区@x护理@x中等专业教育@j教材 |
| 606 | 0 | @a社区 |
| 606 | 0 | @a护理 |
| 690 | @aR473.2@v5 | |
| 701 | 0 | @a陈锦治@Achen jin zhi@4主编 |
| 801 | 0 | @aCN@b碧洲教育@c20150716 |
| 905 | @a10447@f4@dR473.2@e97=2 | |
| 社区护理/陈锦治主编.-2版.-北京:人民卫生出版社,2008 |
| 202页;26cm |
| 全国中等卫生职业教育卫生部“十一五”规划教材 供护理、助产专业用 |
| ISBN 978-7-117-09548-8:CNY18.00 |
| 本书系统叙述社区护理基本理论与应用方法,体现社区的概念和特点,阐述社区重点人群保健及家庭护理,介绍社区护理工作常用技能操作。 |
| ● |
| 相关链接 |
|
|
|
|
正题名:社区护理
索取号:R473.2/97=2
 
预约/预借
| 序号 | 登录号 | 条形码 | 馆藏地/架位号 | 状态 | 备注 |
| 1 | 0849766 | 208497660 | 第二样本阅览室/ [索取号:R473.2/97=2] | 在馆 | |
| 2 | 0849767 | 208497679 | 第三借阅区/ [索取号:R473.2/97=2] | 在馆 | |
| 3 | 0849768 | 208497688 | 第三借阅区/ [索取号:R473.2/97=2] | 在馆 | |
| 4 | 0849769 | 208497697 | 密集书库-生命科学系/ [索取号:R473.2/97=2] | 在馆 |